000 00381nam a2200133Ia 4500
005 20260328101448.0
008 260328s9999||||xx |||||||||||||| ||und||
100 _aNorri, Marja-Riitta
245 0 _aPietilä :
_b Intermediate Zones in Modern Architecture /
_cMarja-Riitta Norri
260 _bMuseum of Finnish Architecture
300 _a144 p.
650 _aARQUITECTOS
942 _cBK
999 _c8545
_d8545